Tous les vainqueurs de coupe du monde #6 : Pétanque - Statistiques

Statistiques générales
  • Ce quiz a été pris 143 fois
  • Le résultat moyen est 8 sur 11
Statistiques - réponses
Victoires Pays % Correct
29 France
100%
1 Espagne
91%
3 Italie
89%
2 Belgique
81%
4 Suisse
69%
2 Madagascar
64%
3 Maroc
64%
1 Thaïlande
58%
3 Tunisie
54%
1 Algérie
53%
1 Monaco
42%
Aucun quiz correspondant
Distribution des résultats
% des personnes avec chaque résultat
Percentile par nombre de réponses
Votre historique - résultats
Vous n’avez pas pris ce quiz